[Event "Yerevan op-A 6th"]
[Site "Yerevan"]
[Date "2024.12.11"]
[Round "9"]
[White "Agasarov, Benik"]
[Black "Darvishi, Mohammad Hossein"]
[Result "1/2-1/2"]
[WhiteElo "2396"]
[BlackElo "2111"]
[PlyCount "259"]
[EventDate "2024.12.05"]
[EventType "swiss"]
[EventRounds "9"]
[EventCountry "ARM"]
[SourceTitle "CB51_2024"]
[SourceDate "2024.12.18"]
[SourceVersion "1"]
[SourceVersionDate "2024.12.18"]
[SourceQuality "1"]

1. e4 c5 2. Nf3 e6 3. d4 cxd4 4. Nxd4 a6 5. Qf3 Nf6 6. Nc3 Qc7 7. Bg5 Be7 8. 0-0-0 Nc6 9. Nxc6 dxc6 10. Be2 e5 11. Qg3 b5 12. Be3 0-0 13. Bd4 Bd6 14. Bb6 Qe7 15. Qe3 Nd7 16. Qd2 Bb8 17. Be3 Nc5 18. f3 Be6 19. Kb1 Ba7 20. a3 a5 21. Qd6 Qxd6 22. Rxd6 Nb7 23. Rd3 Bc4 24. Rd7 Bxe3 25. Rxb7 Be6 26. Bd3 Rfd8 27. Re1 Bd4 28. Ne2 Bf2 29. Rf1 Bc5 30. f4 b4 31. a4 f6 32. fxe5 fxe5 33. Ng3 Ra7 34. Rxa7 Bxa7 35. Nf5 Bc5 36. Nh4 Bd4 37. Nf3 h6 38. Rc1 c5 39. c3 bxc3 40. bxc3 Be3 41. Rd1 Rb8+ 42. Ka1 Rb3 43. Re1 Bf4 44. g3 Bg5 45. h4 Bf6 46. Rc1 Ra3+ 47. Kb1 Rxa4 48. Rc2 Bb3 49. Rb2 Ra3 50. Nd2 Bf7 51. Rb8+ Kh7 52. Kb2 Ra2+ 53. Kc1 Kg6 54. Bb1 Ra4 55. Kb2 Kh5 56. Rb7 Be6 57. Nb3 Rc4 58. Bd3 Ra4 59. Be2+ Kg6 60. Bb5 Bxb3 61. Kxb3 Ra1 62. Be8+ Kh7 63. Kc4 h5 64. Kxc5 Ra3 65. Kc4 Ra1 66. Bxh5 Rg1 67. Be8 Rxg3 68. h5 Bg5 69. Kd5 Rxc3 70. Kxe5 Rf3 71. Kd5 Bf4 72. e5 Re3 73. Bg6+ Kh6 74. Be4 Bxe5 75. Kxe5 Kxh5 76. Rxg7 Rb3 77. Kf4 Rb6 78. Rh7+ Rh6 79. Ra7 Rb6 80. Rxa5+ Kh6 81. Ra7 Rf6+ 82. Bf5 Kh5 83. Rh7+ Rh6 84. Rg7 Ra6 85. Rg8 Kh6 86. Ke5 Kh5 87. Be6 Kh4 88. Rg4+ Kh5 89. Rg1 Kh4 90. Bf5 Kh5 91. Rg8 Kh6 92. Rh8+ Kg7 93. Rh7+ Kg8 94. Rb7 Rh6 95. Be6+ Kh8 96. Rb8+ Kg7 97. Rg8+ Kh7 98. Rg1 Kh8 99. Bf5 Ra6 100. Be6 Ra7 101. Kf6 Rg7 102. Ra1 Rg6+ 103. Kf7 Rg7+ 104. Kf8 Rg8+ 105. Ke7 Rg7+ 106. Bf7 Rg2 107. Ra8+ Kh7 108. Be6 Rf2 109. Ra1 Kg6 110. Rg1+ Kh5 111. Kd6 Rb2 112. Ke5 Rb5+ 113. Kf6 Rb4 114. Rg3 Ra4 115. Rh3+ Rh4 116. Ra3 Rb4 117. Bf5 Rb6+ 118. Ke5 Kg5 119. Rg3+ Kh6 120. Be6 Kh5 121. Kf6 Rb4 122. Bd7 Rf4+ 123. Bf5 Rb4 124. Ra3 Rb6+ 125. Ke5 Kg5 126. Rg3+ Kh6 127. Rg8 Ra6 128. Bd3 Rb6 129. Rg1 Rb3 130. Bf5 1/2-1/2

[Event "Kermanshah Taq e Bostan 3rd"]
[Site "Kermanshah"]
[Date "2024.09.18"]
[Round "7"]
[White "Rastbod, Ali"]
[Black "Darvishi, Mohammad Hossein"]
[Result "1-0"]
[WhiteElo "2298"]
[BlackElo "2132"]
[PlyCount "110"]
[EventDate "2024.09.13"]
[EventType "swiss"]
[EventRounds "9"]
[EventCountry "IRI"]
[SourceTitle "EXT 2025"]
[Source "ChessBase"]
[SourceDate "2024.10.14"]
[SourceVersion "1"]
[SourceVersionDate "2024.10.14"]
[SourceQuality "1"]

1. e4 c5 2. Nf3 e6 3. g3 Nc6 4. Bg2 Nf6 5. Qe2 d5 6. exd5 Nxd5 7. 0-0 g6 8. Re1 Bg7 9. Qc4 b6 10. d4 Na5 11. Qd3 cxd4 12. Bg5 Qd6 13. Nxd4 0-0 14. Nb5 Qc5 15. N1c3 Nxc3 16. Nxc3 Bb7 17. Bxb7 Nxb7 18. Ne4 Qf5 19. Be7 Rfc8 20. Qd7 Qd5 21. Nf6+ Bxf6 22. Qxd5 exd5 23. Bxf6 Rxc2 24. Re7 Nc5 25. Rd1 Ne4 26. Bd4 Nd6 27. g4 Ne4 28. Rd7 Ng5 29. Be3 Ne6 30. R1xd5 Rxb2 31. a3 Rb1+ 32. Kg2 Rb3 33. Rb7 Rxa3 34. Rdd7 Rxe3 35. fxe3 Nc5 36. Rxa7 Rf8 37. Rd6 Ne6 38. Rxb6 Rc8 39. Rbb7 Rc2+ 40. Kg3 Ng5 41. h4 Ne4+ 42. Kf3 Nd6 43. Rd7 Nc4 44. Ke4 Rg2 45. Kf3 Rb2 46. Re7 Nd2+ 47. Kf4 Nf1 48. Kg5 Nh2 49. Rxf7 Rb4 50. Rf4 Rb5+ 51. Kf6 Rb6+ 52. Ke7 Rb3 53. e4 Nf3 54. g5 Ne5 55. Rf8+ Kg7 1-0

[Event "Ankara Baskent Univ op 6th"]
[Site "Ankara"]
[Date "2023.08.19"]
[Round "8"]
[White "Ibik, Halit Yavuz"]
[Black "Darvishi, Mohammad Hossein"]
[Result "0-1"]
[WhiteElo "1939"]
[BlackElo "2129"]
[PlyCount "68"]
[EventDate "2023.08.15"]
[EventType "swiss"]
[EventRounds "9"]
[EventCountry "TUR"]
[SourceTitle "CBM 215 Extra"]
[Source "ChessBase"]
[SourceDate "2023.09.30"]
[SourceVersion "1"]
[SourceVersionDate "2023.09.30"]
[SourceQuality "1"]

1. e4 c5 2. Nf3 e6 3. d4 cxd4 4. Nxd4 a6 5. Nc3 b5 6. Bd3 Qb6 7. Nb3 Qc7 8. 0-0 Bb7 9. Re1 Nc6 10. f4 Be7 11. a3 d6 12. Qe2 Nf6 13. Bd2 Nd7 14. Nd5 exd5 15. exd5 Nce5 16. Ba5 Qb8 17. fxe5 Nxe5 18. Qe4 g6 19. Bc3 0-0 20. Na5 f5 21. Qf4 Bxd5 22. Rad1 Bd8 23. Bf1 Bb6+ 24. Kh1 Be4 25. Bd3 Qc7 26. Nb3 Bxd3 27. cxd3 Rae8 28. d4 Nd3 29. Rxd3 Qxc3 30. Rxe8 Rxe8 31. Rf3 Re1+ 32. Rf1 Rxf1+ 33. Qxf1 Qxb3 34. Qe2 Kf7 0-1

[Event "Eastern Asia-ch U12"]
[Site "Tornelo INT"]
[Date "2021.10.29"]
[Round "1"]
[White "Darvishi, Mohammad Hossein"]
[Black "Chia, Min Zachary"]
[Result "1-0"]
[WhiteElo "1513"]
[BlackElo "1058"]
[PlyCount "45"]
[EventDate "2021.10.29"]
[EventType "swiss"]
[EventRounds "9"]
[EventCountry "NET"]
[SourceTitle "EXT 2023"]
[Source "ChessBase"]
[SourceDate "2022.10.05"]
[SourceVersion "1"]
[SourceVersionDate "2022.10.05"]
[SourceQuality "1"]

1. e4 Nc6 2. d4 d5 3. Nc3 dxe4 4. d5 Ne5 5. Bf4 Ng6 6. Bg3 Nf6 7. Nb5 e5 8. dxe6 Bb4+ 9. c3 Ba5 10. Qa4 c6 11. Rd1 Nd5 12. Nd6+ Ke7 13. Nxf7 Qb6 14. Qa3+ Kxe6 15. Nxh8 Nxh8 16. Bc4 Qd8 17. Ne2 b5 18. Nd4+ Kd7 19. Qd6+ Ke8 20. Qxc6+ Bd7 21. Qxd5 bxc4 22. Qg8+ Ke7 23. Bh4+ 1-0

[Event "Eastern Asia-ch U12"]
[Site "Tornelo INT"]
[Date "2021.10.29"]
[Round "2"]
[White "Samatthanan, Theerath"]
[Black "Darvishi, Mohammad Hossein"]
[Result "0-1"]
[WhiteElo "1235"]
[BlackElo "1513"]
[PlyCount "34"]
[EventDate "2021.10.29"]
[EventType "swiss"]
[EventRounds "9"]
[EventCountry "NET"]
[SourceTitle "EXT 2023"]
[Source "ChessBase"]
[SourceDate "2022.10.05"]
[SourceVersion "1"]
[SourceVersionDate "2022.10.05"]
[SourceQuality "1"]

1. e4 c5 2. Nf3 e6 3. d4 cxd4 4. Nxd4 a6 5. Nc3 b5 6. Be3 Bb7 7. f3 Qc7 8. Qd2 Nf6 9. 0-0-0 Be7 10. g4 d6 11. Kb1 b4 12. Nce2 d5 13. exd5 Nxd5 14. Bf2 Nd7 15. Bg3 Qb6 16. c3 Rc8 17. Bf2 bxc3 0-1

[Event "IRI-ch U12"]
[Site "Chess.com INT"]
[Date "2021.01.16"]
[Round "5"]
[White "Darvishi, Mohammad Hossein"]
[Black "Bayat, Nikan"]
[Result "1-0"]
[WhiteElo "1612"]
[BlackElo "1214"]
[PlyCount "65"]
[EventDate "2021.01.16"]
[EventType "swiss"]
[EventRounds "11"]
[EventCountry "IRI"]
[SourceTitle "EXT 2022"]
[Source "ChessBase"]
[SourceDate "2021.10.06"]
[SourceVersion "1"]
[SourceVersionDate "2021.10.06"]
[SourceQuality "1"]

1. e4 e5 2. Nf3 Nc6 3. Bc4 Bc5 4. c3 Nf6 5. d4 exd4 6. cxd4 Bb4+ 7. Bd2 Bxd2+ 8. Nbxd2 d5 9. exd5 Nxd5 10. 0-0 0-0 11. Rc1 Nb6 12. Bb3 Nxd4 13. Nxd4 Qxd4 14. Rxc7 Qxb2 15. Qf3 Qf6 16. Qxf6 gxf6 17. Re1 Bd7 18. Re7 Rac8 19. Rexd7 Nxd7 20. Rxd7 Rc1+ 21. Nf1 a5 22. Rxb7 Rc5 23. h3 Re5 24. Ne3 f5 25. Nc4 Rc5 26. Nd6 Rd8 27. Nxf7 Rd2 28. Ng5+ Kf8 29. Ne6+ Ke8 30. Ba4+ Rc6 31. Bxc6+ Rd7 32. Rxd7 a4 33. Rxh7# 1-0

[Event "IRI-ch U12"]
[Site "Chess.com INT"]
[Date "2021.01.16"]
[Round "7"]
[White "Shams, Mohammad Matin"]
[Black "Darvishi, Mohammad Hossein"]
[Result "1-0"]
[WhiteElo "1987"]
[BlackElo "1612"]
[PlyCount "107"]
[EventDate "2021.01.16"]
[EventType "swiss"]
[EventRounds "11"]
[EventCountry "IRI"]
[SourceTitle "EXT 2022"]
[Source "ChessBase"]
[SourceDate "2021.10.06"]
[SourceVersion "1"]
[SourceVersionDate "2021.10.06"]
[SourceQuality "1"]

1. Nf3 d5 2. g3 Nf6 3. Bg2 e6 4. 0-0 Bd6 5. c4 b6 6. b3 Bb7 7. Bb2 0-0 8. d4 c5 9. Nbd2 Re8 10. e3 Nbd7 11. Ne5 Qc7 12. f4 Ne4 13. Nxe4 dxe4 14. Qc2 f5 15. Rfd1 Rad8 16. Rd2 cxd4 17. exd4 Nxe5 18. fxe5 Bb4 19. Re2 Qe7 20. a3 Bc5 21. dxc5 Qxc5+ 22. Kh1 Rd3 23. Rd1 Red8 24. Red2 Qe3 25. Rxd3 Rxd3 26. Bc1 Qd4 27. Re1 h6 28. Bb2 Qd7 29. Bc3 a5 30. a4 Bc6 31. Kg1 Bb7 32. Bf1 Qc6 33. Bg2 Qd7 34. Rc1 Qd8 35. Bf1 Rd7 36. Qe2 Rd3 37. Rc2 Qg5 38. Qe1 Rd7 39. Rd2 Qd8 40. Rxd7 Qxd7 41. Qd2 Qc7 42. Qd6 Qc8 43. Bd4 Ba8 44. Bxb6 Qa6 45. Qxe6+ Kh8 46. Qe8+ Kh7 47. Be3 f4 48. gxf4 Bc6 49. Qe6 Qb7 50. Bh3 g6 51. f5 Qxb3 52. fxg6+ Kh8 53. Qf6+ Kg8 54. Qf7+ 1-0